000
00284nam a2200133Ia 4500
100
_a
Gumhalter/ H.
490
_v
I
942
_c
BK
654
_a
Power
245
_a
Power Supply Systems- Principles
260
_b
Wiley eastern
_a
New Delhi
_c
1989
546
_a
ENGLISH
999
_c
32052
_d
32052